Responses for show #5220 - Friday, April 27, 2007

Andrew Rostan game 2.

Contestants

Juli Hinds, a city planner from South Burlington, Vermont

Brian Marshall, a registered nurse from Audubon, New Jersey

Andrew Rostan, a student originally from Boardman, Ohio (whose 1-day cash winnings total $31,000)

Jeopardy! Round responses

THE CIVIL WAR
(Alex: Well, maybe not so much fun on that one.)
ARE YOU READY FOR SOME FOOTBALL?
(Alex: Yes.)
THE NEW YORK TIMES ARTS
IT'S A SCIENTIFIC FACT
HOLIDAYS & OBSERVANCES
IN THE MIDDLE OF THE STATE
(Alex: We'll give you some letters from the middle of a state, you have to tell us what the state is.)
    $200 1
Ulysses S. Grant

Andrew
    $200 13
(any of) the (St. Louis) Rams, the Oakland Raiders, or the San Diego Chargers

Juli
    $200 8
William Shakespeare

Andrew
    $200 6
zoology

Brian
    $200 19
(Alex: You don't have to pluck them.)

Easter

Brian
    $200 24
Kentucky

Andrew
    $400 2
the United Kingdom (England accepted)

Andrew
    $400 14
Tony Dungy

Juli
    $400 9
Beatrix Potter

Juli
    $400 7
(Juli: Who is Pullman?)
...
(Alex: Gravity pull.)

Isaac Newton

AndrewJuli
    $400 20
September

Juli
    $400 25
Iowa

Andrew
    $600 3
Fort Sumter

Andrew
    $600 15
the (Miami) Dolphins

Juli
    $600 10
(United States) Poet Laureate

Andrew
    $600 18
(either of) ionic or covalent

Triple Stumper
    $600 21
the Running of the Bulls

Juli
    $600 26
Missouri

Andrew
    $800 4
Thomas Nast

Andrew
    $800 16
Howard Cosell

Andrew
    $800 11
(Edward) Hopper

Brian
    $800 29
hematoma

Brian
    $800 22
Columbus Day

Brian
    $800 27
Rhode Island

Andrew
    $1000 5
(Alexander) Stephens

Brian
    $1000 17
(Brian: Who is Rockne?)
(Juli: Who is Tom Landry)
...
(Alex: The man for whom the trophy is named, yes.)

Vince Lombardi

AndrewBrianJuli
    $1000 12
(Mikhail) Baryshnikov

Juli
    $1000 30
a Möbius strip

Andrew
    $1000 23
Arbor Day

Andrew
    $4,000 28
(Andrew: What are Alaska and Arkansas?)

Alaska and Nebraska

Andrew

Scores at the first commercial break (after clue 15):

Andrew Brian Juli
$3,200 $2,000 $2,200

Scores at the end of the Jeopardy! Round:

Andrew Brian Juli
$5,000 $2,800 $2,200

Double Jeopardy! Round responses

THIS OLD HOUSE: THE AUSTIN PROJECT
(Alex: The Austin Project is a green project, and this show's 50th rennovation is what this caregory is about.)
THEY PLAYED WYATT EARP
FICTIONAL SHIPS
"T" TIME
YOU CAN CZECH OUT ANY TIME YOU LIKE
BUT YOU CAN NEVER LEAVE
    $400 26
drought

Juli
    $400 4
the OK Corral

Andrew
    $400 9
the Nautilus

Brian
    $400 14
tiles

Brian
    $400 1
(Alex: Well, you had a choice--either the House or [*]. In this case, it's [*].)

the Senate

Triple Stumper
    $400 21
the Tower of London

Brian
    $800 27
landfills

Brian
    $800 5
James Garner

Brian
    $800 10
(Alex: And that would be [*] in Moby Dick.)

the Pequod

Triple Stumper
    $800 15
a tumbler

Andrew
    $800 2
the Communists

Brian
    $800 22
James Earl Ray

Andrew
    $1200 30
solar panels

Brian
    $1200 6
(Brian: Who is Kevin Costner?)

Kurt Russell

AndrewBrian
    $1200 11
Red October

Brian
    $1200 16
Tobago

Andrew
    $1200 3
Franz Kafka

Andrew
    $1200 23
Noriega

Juli
    $1600 29
aluminum

Juli
    $1600 7
(Alex: Now is the time for him, yes.)

Kevin Costner

Andrew
    $2,000 12
(Alex; Yes, [*] Mutiny.)
(Brian: Whew!)
(Alex: Pulled that out of thin air, didn't you?)
(Brian: Oh, yes!)

the Caine

Brian
    $1600 17
Turkish

Triple Stumper
    $3,600 19
(Juli: What's the... Fresh Air?)
(Alex: Oh, sort of on the right track. What is [*]?)

the Prague Spring

Juli
    $1600 24
the Marquis de Sade

Andrew
    $2000 28
fiberboard

Juli
    $2000 8
Will Geer

Andrew
    $2000 13
Captains Courageous

Andrew
    $2000 18
tulle

Juli
    $2000 20
Jan Hus

Juli
    $2000 25
Rudolf Hess

Triple Stumper

Scores at the end of the Double Jeopardy! Round:

Andrew Brian Juli
$17,800 $9,600 $7,800

[wagering suggestions for these scores]

Final Jeopardy! Round responses

U.S. TRANSPORTATION
JuliWhat is the Erie Canal?
$7,799
BrianWhat is the Erie Canal
$9,600
AndrewWhat is the Erie Canal
$1,500
the Erie Canal

Final scores:

Andrew Brian Juli
$19,300 $19,200 $15,599
2-day champion: $50,300 2nd place: $2,000 3rd place: $1,000

Game dynamics:

Coryat scores:

Andrew Brian Juli
$21,800 $9,200 $11,400
25 R,
1 W
(including 1 DD)
15 R
(including 1 DD),
2 W
13 R,
3 W
(including 1 DD)

Combined Coryat: $42,400

The J! Archive is created by fans, for fans. The Jeopardy! game show and all elements thereof, including but not limited to copyright and trademark thereto, are the property of Jeopardy Productions, Inc. and are protected under law. This website is not affiliated with, sponsored by, or operated by Jeopardy Productions, Inc. Join the discussion at JBoard.tv.